000
00188 a2200097 4500
020
_a
9781558857476
041
_a
spa
100
_a
Zepeda, Gwendolyn
245
_a
Paso de nivel
942
_c
BK
999
_c
12673
_d
12673